[Event "Fouesnant op 09th"]
[White "Klein, Rene"]
[Black "Moalic, Yves"]
[Site "Fouesnant"]
[Round "5"]
[Result "0-1"]
[Date "2003.10.28"]
[WhiteElo "1460"]
[BlackElo "1250"]
[PlyCount "112"]
[EventDate "2003.10.25"]
[EventType "swiss"]
[EventRounds "9"]
[EventCountry "FRA"]
[SourceTitle "EXT 2006"]
[Source "ChessBase"]
[SourceDate "2005.11.24"]
[SourceVersion "1"]
[SourceVersionDate "2005.11.24"]
[SourceQuality "1"]

1. e4 e5 2. Nc3 Nf6 3. f4 d6 4. Nf3 c6 5. h3 Be7 6. Bc4 d5 7. Bb3 Bc5 8. fxe5 Nxe4 9. Nxe4 dxe4 10. Nh2 0-0 11. Qe2 Qh4+ 12. Kf1 Qf4+ 13. Ke1 Qxe5 14. c3 Qg3+ 15. Kd1 Qd3 16. Bc4 Qxe2+ 17. Kxe2 b5 18. Bb3 Be6 19. Kd1 Nd7 20. Re1 Bd5 21. Ng4 f5 22. Nh2 Ne5 23. Bc2 Nd3 24. Re2 Nxc1 25. Kxc1 Bc4 26. Re1 Bf2 27. Rf1 e3 28. d3 e2 29. Rh1 e1Q+ 30. Rxe1 Bxe1 31. dxc4 bxc4 32. Nf3 Rae8 33. Kd1 Bg3 34. b3 Rd8+ 35. Kc1 Bf4+ 36. Kb2 Rb8 37. Nd4 Rf6 38. Bxf5 c5 39. Be6+ Kf8 40. Nc6 Rxe6 41. Nxb8 Bxb8 42. Rc1 cxb3 43. axb3 Rb6 44. Rd1 Ke7 45. Re1+ Kf6 46. Re8 a5 47. Rf8+ Ke7 48. Rf5 c4 49. Rxa5 Rxb3+ 50. Kc2 Kd6 51. Ra4 Kd5 52. Rb4 Rxb4 53. cxb4 Kd4 54. b5 Be5 55. g4 g5 56. Kb2 Kd3+ 0-1